[Event "GER-chT U18 Girls"]
[Site "Germany"]
[Date "2011.05.15"]
[Round "7.1"]
[White "Kury, Valerie"]
[Black "Wolff, Marie Antoinette"]
[Result "0-1"]
[WhiteElo "1253"]
[BlackElo "1029"]
[PlyCount "48"]
[EventDate "2011.05.13"]
[EventType "team-swiss"]
[EventRounds "7"]
[EventCountry "GER"]
[SourceTitle "EXT 2012"]
[Source "ChessBase"]
[SourceDate "2011.11.24"]
[SourceVersion "1"]
[SourceVersionDate "2011.11.24"]
[SourceQuality "1"]
[WhiteTeam "St Ursula Gymn (W)"]
[BlackTeam "Oranienburg Louise Henriette Gym (W)"]
[WhiteTeamCountry "GER"]
[BlackTeamCountry "GER"]

1. e4 e5 2. Nf3 Nc6 3. d4 exd4 4. Nxd4 Bc5 5. Be3 d6 6. Bb5 Nge7 7. Nc3 Bd7 8. Nxc6 Nxc6 9. Bxc5 dxc5 10. Na4 Qg5 11. Rg1 0-0-0 12. Bxc6 Bg4 13. Bxb7+ Kxb7 14. Qc1 Rd1+ 15. Qxd1 Bxd1 16. Rxd1 Re8 17. Nc3 f5 18. Rd5 Qc1+ 19. Rd1 Qxc2 20. f3 fxe4 21. fxe4 Kc6 22. Rd2 Qc1+ 23. Rd1 Qe3+ 24. Ne2 Rxe4 0-1

[Event "GER-chT U18 Girls"]
[Site "Germany"]
[Date "2011.05.13"]
[Round "3.1"]
[White "Kury, Valerie"]
[Black "Schmitt, Nora"]
[Result "1/2-1/2"]
[WhiteElo "1253"]
[BlackElo "1016"]
[PlyCount "38"]
[EventDate "2011.05.13"]
[EventType "team-swiss"]
[EventRounds "7"]
[EventCountry "GER"]
[SourceTitle "EXT 2012"]
[Source "ChessBase"]
[SourceDate "2011.11.24"]
[SourceVersion "1"]
[SourceVersionDate "2011.11.24"]
[SourceQuality "1"]
[WhiteTeam "St Ursula Gymn (W)"]
[BlackTeam "Neuenburg Gymn (W)"]
[WhiteTeamCountry "GER"]
[BlackTeamCountry "GER"]

1. e4 e5 2. Nf3 Nc6 3. d4 f6 4. Bb5 Nge7 5. Nc3 d5 6. dxe5 Be6 7. Nd4 Qd7 8. Nxc6 bxc6 9. Ba4 fxe5 10. Bg5 0-0-0 11. Qf3 h6 12. Bxe7 Bxe7 13. Rd1 d4 14. Qe2 Qd6 15. Qa6+ Kd7 16. a3 Rhf8 17. Nb5 Bc4 18. Nxd6 Bxa6 19. Nf5 Bc5 1/2-1/2